Engineering complex systems with models and objects / (Record no. 23758)

000 -LEADER
fixed length control field 01092pam a2200289 a 4500
001 - CONTROL NUMBER
control field 1179096
003 - CONTROL NUMBER IDENTIFIER
control field NUST
005 - DATE AND TIME OF LATEST TRANSACTION
control field 20170608120808.0
008 - FIXED-LENGTH DATA ELEMENTS--GENERAL INFORMATION
fixed length control field 970110s1997 nyua b 001 0 eng
010 ## - LIBRARY OF CONGRESS CONTROL NUMBER
LC control number 97004055
020 ## - INTERNATIONAL STANDARD BOOK NUMBER
International Standard Book Number 0070481881 (acidfree paper)
040 ## - CATALOGING SOURCE
Original cataloging agency DLC
Transcribing agency RCMS
Modifying agency DLC
050 00 - LIBRARY OF CONGRESS CALL NUMBER
Classification number TA168
Item number .O55 1997
082 00 - DEWEY DECIMAL CLASSIFICATION NUMBER
Classification number 620/.001/1 OLI
Edition number 21
100 1# - MAIN ENTRY--PERSONAL NAME
Personal name David W. Oliver, Timothy P. Kelliher, James G. Keegan, Jr.
9 (RLIN) 2279
245 10 - TITLE STATEMENT
Title Engineering complex systems with models and objects /
Statement of responsibility, etc. David W. Oliver
260 ## - PUBLICATION, DISTRIBUTION, ETC.
Place of publication, distribution, etc. New York :
Name of publisher, distributor, etc. McGraw-Hill,
Date of publication, distribution, etc. c1997.
300 ## - PHYSICAL DESCRIPTION
Extent xix, 325 p. :
Other physical details ill. ;
Dimensions 24 cm.
440 ## - SERIES STATEMENT/ADDED ENTRY--TITLE
Title Computing McGraw-Hill
9 (RLIN) 2280
504 ## - BIBLIOGRAPHY, ETC. NOTE
Bibliography, etc. note Includes bibliographical references and index.
538 ## - SYSTEM DETAILS NOTE
Display text Shelf No 1 Row No 4
650 #0 - SUBJECT ADDED ENTRY--TOPICAL TERM
Topical term or geographic name entry element Systems engineering.
9 (RLIN) 1386
650 #0 - SUBJECT ADDED ENTRY--TOPICAL TERM
Topical term or geographic name entry element System analysis.
9 (RLIN) 2233
700 1# - ADDED ENTRY--PERSONAL NAME
Personal name Kelliher, Timothy P.
9 (RLIN) 2281
700 1# - ADDED ENTRY--PERSONAL NAME
Personal name Keegan, James G.
9 (RLIN) 2282
856 ## - ELECTRONIC LOCATION AND ACCESS
Materials specified Table of Content Only
906 ## - LOCAL DATA ELEMENT F, LDF (RLIN)
a 7
b cbc
c orignew
d 1
e ocip
f 19
g y-gencatlg
942 ## - ADDED ENTRY ELEMENTS (KOHA)
Source of classification or shelving scheme
Koha item type Book
Holdings
Withdrawn status Lost status Source of classification or shelving scheme Damaged status Not for loan Permanent Location Current Location Shelving location Date acquired Total Checkouts Full call number Barcode Date last seen Price effective from Koha item type
          School of Interdisciplinary Engineering and Sciences (SINES) School of Interdisciplinary Engineering and Sciences (SINES) General Stacks 01/06/2014   620.001OLI RCMS002509 01/06/2014 01/06/2014 Book
© 2023 Central Library, National University of Sciences and Technology. All Rights Reserved.